Friendliest Countries - Statistics

General Stats
  • This quiz has been taken 98 times
  • The average score is 6 of 10
Answer Stats
Rank Country % Correct
2 Australia
90%
5 United States
90%
4 Canada
89%
7 United Kingdom
86%
1 New Zealand
81%
9 Spain
64%
3 South Africa
39%
6 Turkey
24%
8 Philippines
19%
10 Malaysia
17%
No matching quizzes found
Score Distribution
Percent of People with Each Score
Percentile by Number Answered
Your Score History
You have not taken this quiz